000 01078cam a2200313 a 4500
001 22669
003 SK-KTurca
005 20260415142429.0
008 160129s1946 xo 0000p slo c
035 _aSNK000376437
040 _aSNK
_bslo
_cSNK
_dSVKBB
_eAACR2
041 0 _aslo
044 _axo
_cSK
072 7 _a821.162.4-1
_xSlovenská poézia
_2konspekt
080 _a821.162.4-1
_22011
080 _a(082.21)
_22011
100 1 _aLukáč, Emil Boleslav,
_d1900-1979
_4aut
245 1 0 _aDies Irae
_bvybrané básne z čias svetovej spokalypsy
_cEmil Boleslav Lukáč
260 _aBratislava
_bNovum
_c1946
300 _a167 s.
_c24x17 cm
500 _aUsporiadané zo sväzkov Spev vlkov, Elixír, Moloch, Bábel a nových básní
650 0 7 _aslovenská poézia
_2SNKPH
650 0 7 _aSlovak poetry
_2SNKPHeng
655 7 _avýbery
_2SNKPH
655 7 _aSelections
_2SNKPHeng
942 _2ddc
_cKLDO
_n0
999 _c22669
_d22669